O sociologickom chápaní bezpečnosti (vybrané aspekty v postmodernistickom kontexte)
Bezpečnosť ako samostatná oblasť sociálneho myslenia. Nový teoretický pohľad na bezpečnosť. Teoretické základy chápania a objasňovania bezpečnosti v súčasnom svete. Teoretická reflexia globálneho fenoménu bezpečnosti v súčasnom svete. Bezpečnostné hrozby ako ústredná kategória modernistickej teórie...
Saved in:
| Main Author: | |
|---|---|
| Format: | Book Chapter |
| Language: | Slovak |
| Subjects: | |
| Tags: |
No Tags, Be the first to tag this record!
|
MARC
| LEADER | 00000naa$a2200000$$$4500 | ||
|---|---|---|---|
| 001 | 0081934 | ||
| 005 | 20240610132557.3 | ||
| 041 | 0 | |a slo | |
| 044 | |a SK | ||
| 245 | 1 | 0 | |a O sociologickom chápaní bezpečnosti |b (vybrané aspekty v postmodernistickom kontexte) |c František Škvrnda |
| 520 | |a Bezpečnosť ako samostatná oblasť sociálneho myslenia. Nový teoretický pohľad na bezpečnosť. Teoretické základy chápania a objasňovania bezpečnosti v súčasnom svete. Teoretická reflexia globálneho fenoménu bezpečnosti v súčasnom svete. Bezpečnostné hrozby ako ústredná kategória modernistickej teórie bezpečnosti. Náčrt klasifikácie základných druhov (oblastí) bezpečnosti. Základy sociologického pohľadu na bezpečnosť. Štyri základné sociálne úrovne bezpečnosti - medzinárodná bezpečnosť, národná bezpečnosť, skupinová bezpečnosť, individuálna bezpečnosť. | ||
| 610 | 2 | 0 | |a bezpečnosť |
| 610 | 2 | 0 | |a sociológia |
| 610 | 2 | 0 | |a postmodernizmus |
| 610 | 2 | 0 | |a vzťahy politické medzinárodné |
| 100 | 1 | |a Škvrnda, František | |